<?xml version="1.0" encoding="UTF-8"?>
<record
    xmlns:xsi="http://www.w3.org/2001/XMLSchema-instance"
    xsi:schemaLocation="http://www.loc.gov/MARC21/slim http://www.loc.gov/standards/marcxml/schema/MARC21slim.xsd"
    xmlns="http://www.loc.gov/MARC21/slim">

  <leader>00565nam a22001577a 4500</leader>
  <controlfield tag="005">20120323124622.0</controlfield>
  <datafield tag="020" ind1=" " ind2=" ">
    <subfield code="a">8124600090</subfield>
    <subfield code="c">225.00</subfield>
  </datafield>
  <datafield tag="035" ind1=" " ind2=" ">
    <subfield code="a">A-702172</subfield>
  </datafield>
  <datafield tag="037" ind1=" " ind2=" ">
    <subfield code="a">DPL</subfield>
    <subfield code="b">ENG</subfield>
  </datafield>
  <datafield tag="100" ind1=" " ind2=" ">
    <subfield code="a">Vannucci, M.</subfield>
    <subfield code="9">44178</subfield>
  </datafield>
  <datafield tag="245" ind1=" " ind2=" ">
    <subfield code="a">Ecological readings in the Veda :</subfield>
    <subfield code="b">Matter - energy - life /</subfield>
    <subfield code="c">by M. Vannucci</subfield>
  </datafield>
  <datafield tag="260" ind1=" " ind2=" ">
    <subfield code="a">New Delhi</subfield>
    <subfield code="b">D.K. Printworld</subfield>
    <subfield code="c">1993</subfield>
  </datafield>
  <datafield tag="300" ind1=" " ind2=" ">
    <subfield code="a">218p.</subfield>
    <subfield code="c">22 cms.</subfield>
  </datafield>
  <datafield tag="942" ind1=" " ind2=" ">
    <subfield code="2">ddc</subfield>
    <subfield code="c">EN</subfield>
    <subfield code="h">220.21</subfield>
    <subfield code="m">VAN</subfield>
  </datafield>
  <datafield tag="999" ind1=" " ind2=" ">
    <subfield code="c">64302</subfield>
    <subfield code="d">64302</subfield>
  </datafield>
  <datafield tag="952" ind1=" " ind2=" ">
    <subfield code="0">0</subfield>
    <subfield code="1">0</subfield>
    <subfield code="4">0</subfield>
    <subfield code="7">0</subfield>
    <subfield code="8">NFIC</subfield>
    <subfield code="a">ZLS</subfield>
    <subfield code="b">ZLS</subfield>
    <subfield code="d">2012-03-23</subfield>
    <subfield code="g">225.00</subfield>
    <subfield code="l">3</subfield>
    <subfield code="m">1</subfield>
    <subfield code="o">220.21 VAN</subfield>
    <subfield code="p">A-702172</subfield>
    <subfield code="r">2024-01-13 00:00:00</subfield>
    <subfield code="s">2024-01-06</subfield>
    <subfield code="v">225.00</subfield>
    <subfield code="w">2012-03-23</subfield>
    <subfield code="y">EN</subfield>
  </datafield>
</record>
